000 00251nam a2200097Ia 4500
001 689955
005 20250826161807.0
008 250824s9999 xx 000 0 und d
245 0 _aŞİİRLER/A.M.DIRANAS/EVEREST
_cAHMET MUHİP DIRANAS
260 _bEVEREST
999 _c689955
_d689955